Prezident SR o transformácii Slovensko je krajina, ktorá vie, čo chce a vie ako to dosiahnuť

Prejav prezidenta SR Michala Kováča vo vzdelávacom stredisku Švajčiarskej bankovej spoločnosti vo Wolfsbergu. Úspechy vo vzťahu k medzinárodným finančným inštitúciám. Výhody pre zahraničných investorov. Opatrenia vlády na stabilizáciu rozpočtového hospodárenia. Impulzy na hospodárske oživenie, rast...

Celý popis

Uložené v:
Podrobná bibliografia
Hlavný autor: Kováč, M.
Médium: Kapitola
Jazyk:Slovak
Predmet:
Tagy: Pridať tag
Žiadne tagy, Buďte prvý, kto otaguje tento záznam!

MARC

LEADER 00000naa a2200000 4500
001 r016173
005 20221205090411.3
041 0 |a slo 
044 |a SK 
245 1 0 |a Prezident SR o transformácii  |b Slovensko je krajina, ktorá vie, čo chce a vie ako to dosiahnuť  |c M. Kováč 
520 |a Prejav prezidenta SR Michala Kováča vo vzdelávacom stredisku Švajčiarskej bankovej spoločnosti vo Wolfsbergu. Úspechy vo vzťahu k medzinárodným finančným inštitúciám. Výhody pre zahraničných investorov. Opatrenia vlády na stabilizáciu rozpočtového hospodárenia. Impulzy na hospodárske oživenie, rast výkonnosti ekonomiky, privatizačný proces (príprava 2. vlny kupónovej privatizácie). 
610 2 0 |a Slovensko 
610 2 0 |a transformácia 
610 2 0 |a politika hospodárska 
610 2 0 |a spolupráca hospodárska medzinárodná 
610 2 0 |a privatizácia 
100 1 |a Kováč, M.